| 000 | 01818nam a2200457 c 4500 | ||
|---|---|---|---|
| 001 | 23504 | ||
| 003 | ES-MaCES | ||
| 005 | 20250207040008.0 | ||
| 008 | 110119s2010 sp t 000 | spa d | ||
| 017 |
_aGR 3587-2010 _bDL |
||
| 020 | _a9788498367409 | ||
| 035 | _aCES20110000314m | ||
| 040 |
_aES-MaCES _bspa _cES-MaCES |
||
| 245 | 0 | 4 |
_aLas modalidades de contratación temporal _b: estudio técnico de su régimen jurídico : actualizado con la última reforma laboral _cdir., José Luis Monereo Pérez ; coord., Carolina Serrano Falcón ; autores, Ballester Pastor, Inmaculada |
| 260 |
_aGranada _bComares _c2010 |
||
| 300 |
_aXXIV, 565 P. _c22 cm |
||
| 490 | 1 | _aBiblioteca Comares de ciencia jurídica | |
| 490 | 1 |
_aComentarios a la legislación social _v17 |
|
| 504 | _aBibliografía | ||
| 541 | _cCompra | ||
| 610 | 1 | 4 |
_aEspaña _tReal Decreto-Ley de medidas urgentes para la reforma del mercado de trabajo _d2010 _93344 |
| 650 | 4 |
_aempleo temporal _929000 |
|
| 650 | 4 |
_atrabajador temporal _929204 |
|
| 650 | 4 |
_aempresa de trabajo temporal _929837 |
|
| 650 | 4 |
_acontrato de trabajo de duración determinada _930650 |
|
| 650 | 4 |
_amercado de trabajo _928292 |
|
| 650 | 4 |
_alegislación del trabajo _927166 |
|
| 650 | 4 |
_areforma legislativa _929892 |
|
| 650 | 4 |
_aEspaña _926964 |
|
| 650 | 4 |
_aderecho del trabajo _927165 |
|
| 650 | 4 |
_arégimen jurídico _929894 |
|
| 653 | 1 | 0 | _aRelaciones laborales-Empleo |
| 700 | 1 |
_aBallester Pastor, Inmaculada _96981 |
|
| 700 | 1 |
_aMonereo Pérez, José Luis _edir. _918830 |
|
| 700 | 1 |
_aSerrano Falcón, Carolina _ecol. _923912 |
|
| 830 | 0 |
_aBiblioteca Comares de ciencia jurídica _932174 |
|
| 830 | 0 |
_aComentarios a la legislación social _v17 _933146 |
|
| 902 | _aLIB Libro | ||
| 942 |
_2CES _cBK _h2.0. |
||
| 999 |
_c23504 _d23504 |
||